La société russe par un russe / (Record no. 130105)

MARC details
000 -LEADER
campo de control de longitud fija 00606nam a2200193 i 4500
001 - NÚMERO DE CONTROL
campo de control 130105
003 - IDENTIFICADOR DE NÚMERO DE CONTROL
campo de control ES-MaACL
005 - FECHA Y HORA DE LA ÚLTIMA TRANSACCIÓN
campo de control 20230906193637.0
007 - CAMPO FIJO DE DESCRIPCIÓN FÍSICA--INFORMACIÓN GENERAL
campo de control de longitud fija t|
008 - DATOS DE LONGITUD FIJA--INFORMACIÓN GENERAL
campo de control de longitud fija 070719s1878 fr ||||1| fre d
245 03 - MENCIÓN DEL TÍTULO
Título La société russe par un russe /
Mención de responsabilidad, etc. traduit par Ernest Figurey et Desiré Corbier ; avec une introduction de Antonin Proust.
250 ## - MENCION DE EDICION
Mención de edición 3e éd.
260 ## - PUBLICACIÓN, DISTRIBUCIÓN, ETC.
Lugar de publicación, distribución, etc. Paris :
Nombre del editor, distribuidor, etc. Maurice Dreyfous,
Fecha de publicación, distribución, etc. 1878.
300 ## - DESCRIPCIÓN FÍSICA
Extensión XI, 396 p. ;
Dimensiones 18 cm.
700 1# - ENTRADA AGREGADA--NOMBRE PERSONAL
Nombre de persona Figurey, Ernest.
9 (RLIN) 50816
700 1# - ENTRADA AGREGADA--NOMBRE PERSONAL
Nombre de persona Corbier, Desiré.
9 (RLIN) 40467
700 1# - ENTRADA AGREGADA--NOMBRE PERSONAL
Nombre de persona Proust, Antonin.
9 (RLIN) 94055
852 ## - LOCALIZACIÓN
Ubicación ES-MaACL
Número de control de estantería G-10533-4
Holdings
Estatus retirado Estado de pérdida Estado de daño No para préstamo Colección Biblioteca de origen Biblioteca actual Ubicación en estantería Fecha de adquisición Fuente de adquisición Total de préstamos Signatura topográfica completa Código de barras Visto por última vez Precio de reemplazo Tipo de ítem Koha
        Libros del s. XIX Biblioteca del Ateneo de Madrid Biblioteca del Ateneo de Madrid Sala Pecera Planta 3 17/01/2008     G-10533-4 1135473 23/02/2023 23/02/2023 Libro impreso antiguo